00603nam a2200193Ii 450000100060000000300090000600800410001502000150005604000330007104100080010408200130011210000340012524500520015926401050021130000120031633600260032833700280035433800270038215166CO-ViMGA241108s9999||||xx |||||||||||||| ||und|| a9588205913 aCO-ViMGAbspaerdacCO-ViMGA0 aspa04a334 P17e1 aLuz Patricia Pardo Martínez10aEstado de arte del sector solidario en Colombia 1aBogotá, Colombia : Universidad Cooperativa de Colombia: Facultad de Ciencias Administraticas, 2006 avolumen atextbtxt2rdacontent aunmediatedbn2rdamedia avolumebnc2rdacarrier